Score 0/20 Timer 05:00
2 Plays Today
% Correct
Animal Kingdom Lodge
90.5%
Grand Floridian
87.4%
Polynesian Village Resort
87.1%
Port Orleans Resort- French Quarter
86.3%
Wilderness Lodge
85.9%
Fort Wilderness Resort
84.4%
All-Star Sports
84.3%
Port Orleans Resort- Riverside
83.5%
Caribbean Beach Resort
82.7%
Coronado Springs Resort
82%
% Correct
Contemporary Resort
80.8%
All-Star Music
80.8%
Old Key West Resort
79.6%
All-Star Movies
79.2%
Saratoga Springs Resort
79%
Art of Animation Resort
77.3%
Pop Century Resort
76.8%
Beach Club
75.2%
Yacht Club
75%
Boardwalk Inn
73.3%
Come Together.
Have Fun.
All Virtual.
We all need to come together. Play Sporcle's virtual live trivia to have fun, connect with people, and get your trivia on. Join a live hosted trivia game for your favorite pub trivia experience done virtually. If a virtual private party is more your thing, go here for details.

You're not logged in!

Compare scores with friends on all Sporcle quizzes.
OR
Log In

Sporcle TV

Today on Sporcle TV


Watch our educational content, quiz creation guides, and fun videos on Sporcle TV.

Show Comments

Extras

Top Quizzes Today


Score Distribution

Paid Content

Your Account Isn't Verified!

In order to create a playlist on Sporcle, you need to verify the email address you used during registration. Go to your Sporcle Settings to finish the process.

Report this User

Report this user for behavior that violates our Community Guidelines.

Details: